000
00299nam a2200133Ia 4500
008
100328s9999 xx 000 0 und d
082
_b
54933
100
_a
Nath Suresh
245
_a
Rughu Vansh
260
_b
S.Chand & Company
630
_a
Rughu Vansh
730
_a
Rughu Vansh
942
_c
BOOK
999
_c
541636
_d
541633